书目信息 |
| 题名: |
合成有机化学中的氢化与氢解
|
|
| 作者: | 范兰特威克 , 凯布默 著 ;李惕川 译 | |
| 分册: | ||
| 出版信息: | 北京 科学出版社 1981 |
|
| 页数: | 178页 | |
| 开本: | 19cm | |
| 丛书名: | ||
| 单 册: | ||
| 中图分类: | O621.3 | |
| 科图分类: | ||
| 主题词: | 有机化学 | |
| 电子资源: | ||
| ISBN: | ||
| 000 | 00673nam0 2200217 45 | |
| 001 | 0405241146 | |
| 005 | 20060814152216.00 | |
| 010 | @dCNY0.95 | |
| 091 | @a13031.176 | |
| 100 | @a20040524d1981 km y0chiy0120 ea | |
| 101 | 0 | @achi@cdut |
| 200 | 1 | @a合成有机化学中的氢化与氢解@AHe Cheng You Ji Hua Xue Zhong De Qing Hua Yu Qing Jie@f(荷)A.P.G.凯布默,F.范兰特威克著@F(He)A.P.G.Kai Bu Mo,F.Fan Lan Te Wei Ke Zhu@g李惕川译 |
| 210 | @a北京@c科学出版社@d1981 | |
| 215 | @a178页@d19cm | |
| 606 | 0 | @a有机化学 |
| 690 | @aO621.3@v3 | |
| 701 | 0 | @a范兰特威克@4著 |
| 701 | 0 | @a凯布默@4著 |
| 702 | 0 | @a李惕川@ALi Ti Chuan@4译 |
| 801 | @aCN@bPftUser@c20060814 | |
| 905 | @dO621.3@e1 | |
| 合成有机化学中的氢化与氢解/(荷)A.P.G.凯布默,F.范兰特威克著/李惕川译.-北京:科学出版社,1981 |
| 178页;19cm |
| ISBN :CNY0.95 |
| ● |
| 相关链接 |
|
|
|
|
正题名:合成有机化学中的氢化与氢解
索取号:O621.3/1
 
预约/预借
| 序号 | 登录号 | 条形码 | 馆藏地/架位号 | 状态 | 备注 |
| 1 | 0064635 | 000700003 | 第三借阅区/ [索取号:O621.3/1] | 在馆 | |
| 2 | 0064636 | 000699998 | 第三借阅区/ [索取号:O621.3/1] | 在馆 | |
| 3 | 0064637 | 202100403 | 第二样本阅览室/ [索取号:O621.3/1] | 在馆 | |
| 4 | 0461142 | 204611429 | 密集书库/ [索取号:O621.3/1] | 在馆 | |
| 5 | 0461143 | 204611438 | 密集书库/ [索取号:O621.3/1] | 在馆 |